| 000 | 00340nam a22001217a 4500 | ||
|---|---|---|---|
| 040 | _cFIZZA ISHAQ | ||
| 082 |
_a624.171 _bROB |
||
| 100 |
_aPLESHA, WITTE ROBERT J. _986076 |
||
| 245 |
_aCONCEPTS APPLICATIONS OF FINITE ALEMENT / _cPLESHA, WITTE ROBERT J. |
||
| 260 |
_aNEW YORK : _bJHON WILEY, _c1974. |
||
| 300 | _a719 P. ; | ||
| 942 |
_2ddc _cBK |
||
| 999 |
_c587232 _d587232 |
||